Differential effects of tumor-platelet interaction in vitro and in vivo in glioblastoma
Saved in:
| Main Authors: | , , , , , , , |
|---|---|
| Format: | Article (Journal) |
| Language: | English |
| Published: |
2011
|
| In: |
Journal of neuro-oncology
Year: 2011, Volume: 105, Issue: 1, Pages: 45-56 |
| ISSN: | 0167-594X |
| Online Access: |
|
| Author Notes: | Marc A. Brockmann, Birte Bender, Elena Plaxina, Ingo Nolte, Ralf Erber, Katrin Lamszus, Christoph Groden, Lothar Schilling |
MARC
| LEADER | 00000caa a22000002c 4500 | ||
|---|---|---|---|
| 001 | 730650723 | ||
| 003 | DE-627 | ||
| 005 | 20220817095703.0 | ||
| 007 | tu | ||
| 008 | 121130s2011 xx ||||| 00| ||eng c | ||
| 035 | |a (DE-627)730650723 | ||
| 035 | |a (DE-576)9730650721 | ||
| 035 | |a (DE-599)GBV730650723 | ||
| 035 | |a (OCoLC)1340137736 | ||
| 035 | |a (OLC)1878487566 | ||
| 040 | |a DE-627 |b ger |c DE-627 |e rakwb | ||
| 041 | |a eng | ||
| 084 | |a 33 |2 sdnb | ||
| 100 | 1 | |a Brockmann, Marc Alexander |d 1974- |e VerfasserIn |0 (DE-588)128367334 |0 (DE-627)706967704 |0 (DE-576)297104489 |4 aut | |
| 245 | 1 | 0 | |a Differential effects of tumor-platelet interaction in vitro and in vivo in glioblastoma |c Marc A. Brockmann, Birte Bender, Elena Plaxina, Ingo Nolte, Ralf Erber, Katrin Lamszus, Christoph Groden, Lothar Schilling |
| 264 | 1 | |c 2011 | |
| 300 | |a 12 | ||
| 336 | |a Text |b txt |2 rdacontent | ||
| 337 | |a ohne Hilfsmittel zu benutzen |b n |2 rdamedia | ||
| 338 | |a Band |b nc |2 rdacarrier | ||
| 700 | 1 | |a Bender, Birte |d 1981- |e VerfasserIn |0 (DE-588)135743990 |0 (DE-627)570580951 |0 (DE-576)30062249X |4 aut | |
| 700 | 1 | |a Plaxina, Elena |d 1978- |e VerfasserIn |0 (DE-588)101934945X |0 (DE-627)690864213 |0 (DE-576)355869179 |4 aut | |
| 700 | 1 | |a Nölte, Ingo |d 1974- |e VerfasserIn |0 (DE-588)1028271778 |0 (DE-627)73050669X |0 (DE-576)375758046 |4 aut | |
| 700 | 1 | |a Erber, Ralf |d 1967- |e VerfasserIn |0 (DE-588)136076572 |0 (DE-627)69405433X |0 (DE-576)285643452 |4 aut | |
| 700 | 1 | |a Lamszus, Katrin |e VerfasserIn |0 (DE-588)1028397615 |0 (DE-627)730650782 |0 (DE-576)375928308 |4 aut | |
| 700 | 1 | |a Groden, Christoph |d 1959- |e VerfasserIn |0 (DE-588)11292641X |0 (DE-627)691165742 |0 (DE-576)331358948 |4 aut | |
| 700 | 1 | |a Schilling, Lothar |d 1954- |e VerfasserIn |0 (DE-588)1028374690 |0 (DE-627)730623521 |0 (DE-576)375909893 |4 aut | |
| 773 | 0 | 8 | |i in |t Journal of neuro-oncology |d Dordrecht : Springer, 1983 |g 105(2011), 1 vom: Sept., Seite 45-56 |w (DE-627)167915800 |w (DE-600)604875-4 |w (DE-576)015902951 |x 0167-594X |7 nnas |a Differential effects of tumor-platelet interaction in vitro and in vivo in glioblastoma |
| 773 | 1 | 8 | |g volume:105 |g year:2011 |g number:1 |g month:09 |g pages:45-56 |g extent:12 |a Differential effects of tumor-platelet interaction in vitro and in vivo in glioblastoma |
| 776 | 0 | 8 | |n Online-Ausgabe |a Brockmann, Marc Alexander, 1974 - |t Differential effects of tumor-platelet interaction in vitro and in vivo in glioblastoma |d 2011 |w (DE-627)1807532976 |
| 951 | |a AR | ||
| 992 | |a 20220627 | ||
| 993 | |a Article | ||
| 998 | |g 1028374690 |a Schilling, Lothar |m 1028374690:Schilling, Lothar |d 60000 |d 62600 |e 60000PS1028374690 |e 62600PS1028374690 |k 0/60000/ |k 1/60000/62600/ |p 8 |y j | ||
| 998 | |g 11292641X |a Groden, Christoph |m 11292641X:Groden, Christoph |d 60000 |d 63000 |e 60000PG11292641X |e 63000PG11292641X |k 0/60000/ |k 1/60000/63000/ |p 7 | ||
| 998 | |g 1028271778 |a Nölte, Ingo |m 1028271778:Nölte, Ingo |d 60000 |e 60000PN1028271778 |k 0/60000/ |p 4 | ||
| 998 | |g 101934945X |a Plaxina, Elena |m 101934945X:Plaxina, Elena |d 60000 |e 60000PP101934945X |k 0/60000/ |p 3 | ||
| 998 | |g 135743990 |a Bender, Birte |m 135743990:Bender, Birte |d 910000 |d 950000 |d 950950 |e 910000PB135743990 |e 950000PB135743990 |e 950950PB135743990 |k 0/910000/ |k 1/910000/950000/ |k 2/910000/950000/950950/ |p 2 | ||
| 998 | |g 128367334 |a Brockmann, Marc Alexander |m 128367334:Brockmann, Marc Alexander |d 60000 |d 63000 |e 60000PB128367334 |e 63000PB128367334 |k 0/60000/ |k 1/60000/63000/ |p 1 |x j | ||
| 998 | |g 136076572 |a Erber, Ralf |m 136076572:Erber, Ralf |d 910000 |d 910800 |e 910000PE136076572 |e 910800PE136076572 |k 0/910000/ |k 1/910000/910800/ |p 5 | ||
| 999 | |a KXP-PPN730650723 |e 4156794423 | ||
| BIB | |a Y | ||
| SER | |a journal | ||
| JSO | |a {"physDesc":[{"extent":"12 S."}],"id":{"eki":["730650723"]},"recId":"730650723","relHost":[{"id":{"eki":["167915800"],"zdb":["604875-4"],"issn":["0167-594X"]},"recId":"167915800","disp":"Differential effects of tumor-platelet interaction in vitro and in vivo in glioblastomaJournal of neuro-oncology","part":{"pages":"45-56","volume":"105","extent":"12","issue":"1","year":"2011","text":"105(2011), 1 vom: Sept., Seite 45-56"},"note":["Laut Verlagsankündigung mit 2017 als gedruckte Ausgabe eingestellt, 136.2018,1-2 versehentlich noch gedruckt","2018 fortgesetzt als Online-Ausgabe ausgeliefert"],"language":["eng"],"pubHistory":["1.1983 - 136.2018,2"],"title":[{"title_sort":"Journal of neuro-oncology","title":"Journal of neuro-oncology"}],"origin":[{"publisher":"Springer ; Nijhoff ; Kluwer Academic Publishers","dateIssuedDisp":"1983-2018","dateIssuedKey":"1983","publisherPlace":"Dordrecht ; Boston, Mass. [u.a.] ; Dordrecht [u.a.]"}],"type":{"bibl":"periodical"}}],"origin":[{"dateIssuedKey":"2011","dateIssuedDisp":"2011"}],"title":[{"title":"Differential effects of tumor-platelet interaction in vitro and in vivo in glioblastoma","title_sort":"Differential effects of tumor-platelet interaction in vitro and in vivo in glioblastoma"}],"type":{"bibl":"article-journal"},"language":["eng"],"person":[{"family":"Brockmann","given":"Marc Alexander","role":"aut","display":"Brockmann, Marc Alexander"},{"given":"Birte","family":"Bender","role":"aut","display":"Bender, Birte"},{"display":"Plaxina, Elena","role":"aut","family":"Plaxina","given":"Elena"},{"family":"Nölte","given":"Ingo","role":"aut","display":"Nölte, Ingo"},{"role":"aut","given":"Ralf","family":"Erber","display":"Erber, Ralf"},{"family":"Lamszus","given":"Katrin","role":"aut","display":"Lamszus, Katrin"},{"family":"Groden","given":"Christoph","role":"aut","display":"Groden, Christoph"},{"family":"Schilling","given":"Lothar","role":"aut","display":"Schilling, Lothar"}],"name":{"displayForm":["Marc A. Brockmann, Birte Bender, Elena Plaxina, Ingo Nolte, Ralf Erber, Katrin Lamszus, Christoph Groden, Lothar Schilling"]}} | ||
| SRT | |a BROCKMANNMDIFFERENTI2011 | ||